Introduction to Pakistan studies (Record no. 9996)
[ view plain ]
| 000 -LEADER | |
|---|---|
| fixed length control field | 00337 a2200121 4500 |
| 090 ## - LOCALLY ASSIGNED LC-TYPE CALL NUMBER (OCLC); LOCAL CALL NUMBER (RLIN) | |
| -- | 6163 |
| -- | 6163 |
| 100 ## - MAIN ENTRY--PERSONAL NAME | |
| Personal name | Rabbani, Ikram M. |
| 245 ## - TITLE STATEMENT | |
| Title | Introduction to Pakistan studies |
| Statement of responsibility, etc. | M. Ikram Rabbani |
| 260 ## - PUBLICATION, DISTRIBUTION, ETC. | |
| Place of publication, distribution, etc. | Lahore: |
| Name of publisher, distributor, etc. | Carvan Book House, |
| Date of publication, distribution, etc. | 2005. |
| 300 ## - PHYSICAL DESCRIPTION | |
| Extent | xvi, 380 p. ; |
| Dimensions | 24 cm. |
| 650 ## - SUBJECT ADDED ENTRY--TOPICAL TERM | |
| Topical term or geographic name entry element | Pakistan studies |
| 942 ## - ADDED ENTRY ELEMENTS (KOHA) | |
| Koha item type | Book |
| Call number prefix | 954.91005 RAB |
| Withdrawn status | Lost status | Source of classification or shelving scheme | Damaged status | Not for loan | Permanent Location | Current Location | Shelving location | Date acquired | Source of acquisition | Cost, normal purchase price | Total Checkouts | Total Renewals | Full call number | Barcode | Date last seen | Date last checked out | Price effective from | Koha item type |
|---|---|---|---|---|---|---|---|---|---|---|---|---|---|---|---|---|---|---|
| Central Library (CL) | Central Library (CL) | General Stacks | 10/16/2012 | Donation | 0.00 | 6 | 4 | 954.91 RAB | SEECSD00720 | 12/23/2025 | 10/13/2023 | 03/01/2014 | Book | |||||
| NUST Law School (NLS) | NUST Law School (NLS) | General Stacks | 11/26/2021 | Donation | 0.00 | 8 | 1 | 954.91 RAB | SEECS009886 | 01/04/2024 | 01/02/2024 | 01/05/2017 | Book | |||||
| NUST Law School (NLS) | NUST Law School (NLS) | General Stacks | 06/27/2013 | Donation | 0.00 | 15 | 7 | 954.91 RAB | SEECSD00941 | 03/19/2024 | 09/05/2023 | 07/18/2013 | Book |
